[Event "Benidorm 2003 - sub2300"]
[Site "Benidorm ESP"]
[Date "2003.11.21"]
[Round "1.28"]
[White "Ginsburg, Natan"]
[Black "Kutuzov, Denis"]
[Result "0-1"]
[WhiteElo "2118"]
[BlackElo "2249"]
[PlyCount "110"]
[EventDate "2003.11.21"]
[EventType "swiss"]
[EventRounds "9"]
[EventCountry "ESP"]
[Source "lmi"]
[SourceDate "2003.11.21"]

1. e4 a6 2. c4 e5 3. Nf3 Nc6 4. d4 exd4 5. Nxd4 Qh4 6. Nf3 Qxe4+ 7. Be2 Bb4+ 8.
Nbd2 Nf6 9. O-O Qe7 10. Nb3 Qd8 11. Nbd4 Be7 12. Nf5 O-O 13. Bg5 d6 14. Nxe7+
Qxe7 15. Re1 h6 16. Bh4 Ne5 17. Bf1 Qd8 18. Qd4 Ng6 19. Rad1 Nxh4 20. Qxh4 Bd7
21. Nd4 Re8 22. Qf4 b6 23. h3 Rxe1 24. Rxe1 Qf8 25. Bd3 Re8 26. Rd1 Qe7 27. Nf3
Nh5 28. Qd4 Qf6 29. Qxf6 Nxf6 30. c5 bxc5 31. Bxa6 Ra8 32. Bc4 Be6 33. Bxe6
fxe6 34. a3 Kf7 35. Nd2 Ra4 36. Kf1 e5 37. Rc1 Ke6 38. Rb1 c6 39. Ke2 Ra5 40.
Kd3 d5 41. Kc2 c4 42. Kc3 Ra4 43. Re1 d4+ 44. Kc2 Kd5 45. b3 cxb3+ 46. Kxb3 Ra7
47. a4 Nd7 48. Ra1 Nc5+ 49. Kb4 Nd3+ 50. Kb3 Rb7+ 51. Kc2 e4 52. a5 Rb2+ 53.
Kd1 Nxf2+ 54. Ke1 Nd3+ 55. Kd1 e3 0-1

[Event "Benidorm 2003 - sub2300"]
[Site "Benidorm ESP"]
[Date "2003.11.21"]
[Round "1.33"]
[White "Gonzalez Aguirre, Luis"]
[Black "Ferrer Berenguer, Ligorio"]
[Result "1-0"]
[WhiteElo "2241"]
[BlackElo "2112"]
[PlyCount "69"]
[EventDate "2003.11.21"]
[EventType "swiss"]
[EventRounds "9"]
[EventCountry "ESP"]
[Source "lmi"]
[SourceDate "2003.11.21"]

1. c4 e6 2. g3 d5 3. d4 Nf6 4. Bg2 Be7 5. Nf3 O-O 6. O-O c5 7. cxd5 exd5 8. Nc3
Nc6 9. Bg5 cxd4 10. Nxd4 h6 11. Be3 Bg4 12. h3 Be6 13. Rc1 Nxd4 14. Bxd4 Ne4
15. Nxe4 dxe4 16. Bxe4 Bxh3 17. Re1 Bb4 18. Bc3 Bxc3 19. Rxc3 Qe7 20. Qd5 Rab8
21. Bf3 Be6 22. Qe4 Qd7 23. Rec1 Rfc8 24. Qe5 Rxc3 25. Qxb8+ Rc8 26. Rxc8+ Qxc8
27. Qxa7 Qc1+ 28. Kg2 Qxb2 29. a4 b6 30. Qb8+ Kh7 31. a5 h5 32. Qxb6 Qe5 33. a6
h4 34. a7 Bd5 35. Qe3 1-0

[Event "Benidorm 2003 - sub2300"]
[Site "Benidorm ESP"]
[Date "2003.11.21"]
[Round "1.36"]
[White "Saldana Caballe, Enric"]
[Black "Panic, Nikola"]
[Result "0-1"]
[WhiteElo "2111"]
[BlackElo "2236"]
[PlyCount "60"]
[EventDate "2003.11.21"]
[EventType "swiss"]
[EventRounds "9"]
[EventCountry "ESP"]
[Source "lmi"]
[SourceDate "2003.11.21"]

1. e4 e6 2. d4 d5 3. Nd2 c6 4. Ngf3 Nf6 5. Bd3 dxe4 6. Nxe4 Nxe4 7. Bxe4 c5 8.
O-O Nd7 9. Re1 Nf6 10. Bg5 cxd4 11. Nxd4 Be7 12. c3 Nxe4 13. Bxe7 Qxe7 14. Rxe4
O-O 15. Qb3 b6 16. Rae1 Bb7 17. Re5 Qf6 18. Qc2 Rac8 19. Nb5 Rfd8 20. Nxa7 Ra8
21. Nb5 Rxa2 22. Na3 Rxb2 23. Qxb2 Qxe5 24. Nc2 Qc5 25. Ne3 f5 26. h3 h5 27.
Rd1 Rxd1+ 28. Nxd1 b5 29. Qb4 Qc6 30. Ne3 e5 0-1

[Event "Benidorm 2003 - sub2300"]
[Site "Benidorm ESP"]
[Date "2003.11.21"]
[Round "1.37"]
[White "Serna Lara, Sergio"]
[Black "Carretero Ajo, Jesus"]
[Result "0-1"]
[WhiteElo "2235"]
[BlackElo "2110"]
[PlyCount "106"]
[EventDate "2003.11.21"]
[EventType "swiss"]
[EventRounds "9"]
[EventCountry "ESP"]
[Source "lmi"]
[SourceDate "2003.11.21"]

1. d4 Nf6 2. c4 e5 3. dxe5 Ng4 4. Bf4 Nc6 5. Nf3 Bb4+ 6. Nbd2 f6 7. a3 fxe5 8.
Bg3 Bxd2+ 9. Qxd2 d6 10. Bh4 Nf6 11. Qc2 O-O 12. e3 Qe8 13. Bxf6 Rxf6 14. Ng5
Qh5 15. h4 Bf5 16. Bd3 Raf8 17. f3 Bxd3 18. Qxd3 Qg6 19. Qd5+ Kh8 20. O-O-O h6
21. Rh3 Nd8 22. Qd2 c6 23. Ne4 R6f7 24. Nxd6 Rd7 25. c5 Ne6 26. h5 Qh7 27. Qc3
b6 28. cxb6 axb6 29. Rhh1 Rfd8 30. Qxe5 Nc5 31. Nf7+ Kg8 32. Rxd7 Nb3+ 33. Kd1
Rxd7+ 34. Nd6 Qb1+ 35. Ke2 Qc2+ 36. Kf1 Qd3+ 37. Kf2 Rxd6 38. Rh4 Qd5 39. Qe7
Re6 40. Qb7 Qd2+ 41. Kg3 Nc5 42. Qc8+ Kh7 43. b4 Qd6+ 44. Kh3 Nd3 45. g3 Nf2+
46. Kg2 Qd2 47. Rd4 Nd3+ 48. Kh3 Nf2+ 49. Kg2 Nd3+ 50. Kh3 Re5 51. g4 Qxe3 52.
Rd8 Qxf3+ 53. Kh4 Qf2+ 0-1

[Event "Benidorm 2003 - sub2300"]
[Site "Benidorm ESP"]
[Date "2003.11.21"]
[Round "1.38"]
[White "Llavador Moron, Juan Jose"]
[Black "Zurmely, Frank"]
[Result "1-0"]
[WhiteElo "2108"]
[BlackElo "2235"]
[PlyCount "45"]
[EventDate "2003.11.21"]
[EventType "swiss"]
[EventRounds "9"]
[EventCountry "ESP"]
[Source "lmi"]
[SourceDate "2003.11.21"]

1. e4 Nf6 2. e5 Nd5 3. d4 d6 4. Nf3 g6 5. Ng5 f6 6. c4 Nb6 7. e6 fxg5 8. d5 Bg7
9. h4 O-O 10. h5 c6 11. hxg6 cxd5 12. Rxh7 N8d7 13. exd7 Qxd7 14. Qh5 e6 15.
Bxg5 Rf5 16. Qh4 Rxg5 17. Qxg5 dxc4 18. Nc3 d5 19. O-O-O Qe8 20. Ne4 Nd7 21.
Nd6 Qf8 22. Nf7 Nf6 23. Qh4 1-0

[Event "Benidorm 2003 - sub2300"]
[Site "Benidorm ESP"]
[Date "2003.11.21"]
[Round "1.40"]
[White "Correas Gonzalez, Jose Ramon"]
[Black "Acebal Muniz, Antonio"]
[Result "1/2-1/2"]
[WhiteElo "2107"]
[BlackElo "2230"]
[PlyCount "97"]
[EventDate "2003.11.21"]
[EventType "swiss"]
[EventRounds "9"]
[EventCountry "ESP"]
[Source "lmi"]
[SourceDate "2003.11.21"]

1. e4 e5 2. Nf3 Nc6 3. Bb5 a6 4. Ba4 Nf6 5. O-O Be7 6. Re1 b5 7. Bb3 d6 8. c3
O-O 9. h3 Na5 10. Bc2 c5 11. d4 Qc7 12. Nbd2 cxd4 13. cxd4 Nc6 14. Nb3 a5 15.
Be3 a4 16. Nbd2 Nb4 17. Bb1 Bd7 18. a3 Nc6 19. Bd3 Qb7 20. Qe2 Rab8 21. dxe5
Nxe5 22. Nxe5 dxe5 23. Bg5 Rfe8 24. Nf3 h6 25. Bh4 Bd8 26. Bg3 Bc7 27. Rac1 Bd6
28. Red1 Bc6 29. Bb1 Rbd8 30. Bxe5 Bxe5 31. Rxd8 Rxd8 32. Nxe5 Bxe4 33. Ng4
Bxb1 34. Nxf6+ gxf6 35. Rxb1 Qd5 36. Re1 Qd2 37. Kf1 Qd3 38. Qxd3 Rxd3 39. Re4
Rb3 40. Rb4 Rxb4 41. axb4 Kf8 42. Ke2 Ke7 43. Kd3 f5 44. Kd4 Kd6 45. h4 h5 46.
g3 f4 47. gxf4 f6 48. f5 Kc6 49. Ke4 1/2-1/2

[Event "Benidorm 2003 - sub2300"]
[Site "Benidorm ESP"]
[Date "2003.11.21"]
[Round "1.42"]
[White "Insa Alfonso, Pablo"]
[Black "Cano Sanchez, Josue"]
[Result "0-1"]
[WhiteElo "2105"]
[BlackElo "2224"]
[PlyCount "52"]
[EventDate "2003.11.21"]
[EventType "swiss"]
[EventRounds "9"]
[EventCountry "ESP"]
[Source "lmi"]
[SourceDate "2003.11.21"]

1. e4 d5 2. exd5 Qxd5 3. Nc3 Qa5 4. d4 Nf6 5. Bd2 Bg4 6. Be2 Bxe2 7. Qxe2 Nc6
8. Qc4 O-O-O 9. Nf3 e6 10. O-O-O Bb4 11. Rhe1 Qf5 12. Be3 Nd5 13. Re2 Bxc3 14.
bxc3 Nb6 15. Qb3 Rd5 16. a3 Rb5 17. Qa2 Na4 18. Qc4 Nb2 19. g4 Nxc4 20. gxf5
Rxf5 21. Nd2 N6a5 22. Nb3 Nxa3 23. Rg1 Rg8 24. Rg5 Rxg5 25. Bxg5 N5c4 26. f4
Nb5 0-1

[Event "Benidorm 2003 - sub2300"]
[Site "Benidorm ESP"]
[Date "2003.11.21"]
[Round "1.45"]
[White "Radovanovic, Jovica"]
[Black "Queimadelos Garcia, Victor"]
[Result "1-0"]
[WhiteElo "2219"]
[BlackElo "2101"]
[PlyCount "75"]
[EventDate "2003.11.21"]
[EventType "swiss"]
[EventRounds "9"]
[EventCountry "ESP"]
[Source "lmi"]
[SourceDate "2003.11.21"]

1. e4 c5 2. Nf3 Nc6 3. Bb5 e6 4. Bxc6 bxc6 5. d3 Ne7 6. Ng5 Ng6 7. f4 Be7 8.
Qh5 Bxg5 9. fxg5 e5 10. O-O d6 11. Nc3 Be6 12. b3 O-O 13. Be3 f5 14. gxf6 Rxf6
15. Ne2 Qd7 16. Rxf6 gxf6 17. Ng3 Bg4 18. Qh6 f5 19. exf5 Bxf5 20. Rf1 Rf8 21.
Qg5 Be6 22. Rxf8+ Kxf8 23. Ne4 Qe7 24. Qxe7+ Kxe7 25. Bg5+ Kd7 26. Nf6+ Kc7 27.
Nxh7 Bf5 28. Nf6 d5 29. g4 Be6 30. Be3 Kd6 31. Kf2 e4 32. dxe4 d4 33. Bg5 c4
34. h4 cxb3 35. axb3 Ke5 36. h5 Nf4 37. Bxf4+ Kxf6 38. g5+ 1-0

[Event "Benidorm 2003 - sub2300"]
[Site "Benidorm ESP"]
[Date "2003.11.21"]
[Round "1.49"]
[White "Celaya Tapiz, Jose Maria"]
[Black "Perez Pascual, Arturo"]
[Result "1-0"]
[WhiteElo "2213"]
[BlackElo "2095"]
[PlyCount "47"]
[EventDate "2003.11.21"]
[EventType "swiss"]
[EventRounds "9"]
[EventCountry "ESP"]
[Source "lmi"]
[SourceDate "2003.11.21"]

1. e4 e5 2. Nf3 Nf6 3. Nc3 Bb4 4. Nd5 Nxd5 5. exd5 e4 6. Nd4 O-O 7. c3 Bc5 8.
Nb3 Bb6 9. g3 d6 10. Bg2 Bf5 11. O-O Nd7 12. d4 exd3 13. Nd2 Re8 14. Nc4 Ne5
15. Nxb6 axb6 16. Be3 Nc4 17. b3 Nxe3 18. fxe3 Qg5 19. Qd2 Re5 20. Rf4 Rae8 21.
Raf1 Bg6 22. e4 Bxe4 23. Bxe4 Rxe4 24. Rxe4 1-0

[Event "Benidorm 2003 - sub2300"]
[Site "Benidorm ESP"]
[Date "2003.11.21"]
[Round "1.50"]
[White "Plaza Pardo, Daniel"]
[Black "Garcia Amoros, Pablo"]
[Result "0-1"]
[WhiteElo "2091"]
[BlackElo "2211"]
[PlyCount "64"]
[EventDate "2003.11.21"]
[EventType "swiss"]
[EventRounds "9"]
[EventCountry "ESP"]
[Source "lmi"]
[SourceDate "2003.11.21"]

1. e4 c5 2. Nf3 e6 3. d4 cxd4 4. Nxd4 Nc6 5. Be3 Nf6 6. Bd3 d5 7. Nxc6 bxc6 8.
e5 Nd7 9. f4 Bc5 10. Bxc5 Nxc5 11. Nc3 O-O 12. Qd2 f6 13. O-O Qb6 14. Kh1 Qxb2
15. a4 Qb8 16. Rab1 Qc7 17. Rbe1 Nxd3 18. Qxd3 a5 19. exf6 Ba6 20. Qe3 Bxf1 21.
Qxe6+ Qf7 22. fxg7 Kxg7 23. Qxf7+ Rxf7 24. Rxf1 Rb8 25. g4 Rb4 26. Ne2 Rxa4 27.
Kg2 Ra2 28. Rc1 Rb7 29. Kf3 Rbb2 30. Nd4 c5 31. Ne6+ Kf7 32. Ng5+ Kg6 0-1

[Event "Benidorm 2003 - sub2300"]
[Site "Benidorm ESP"]
[Date "2003.11.21"]
[Round "1.51"]
[White "Fernandez De Pablo, Miguel"]
[Black "Ruiz Marana, Alejandro"]
[Result "1-0"]
[WhiteElo "2209"]
[BlackElo "2089"]
[PlyCount "63"]
[EventDate "2003.11.21"]
[EventType "swiss"]
[EventRounds "9"]
[EventCountry "ESP"]
[Source "lmi"]
[SourceDate "2003.11.21"]

1. e4 c6 2. d4 d5 3. Nc3 dxe4 4. Nxe4 Nf6 5. Nxf6+ exf6 6. c3 Bf5 7. Bc4 Bd6 8.
Ne2 O-O 9. O-O Qc7 10. Ng3 Be6 11. Bd3 Nd7 12. c4 Bxg3 13. hxg3 Nb6 14. b3 Qd7
15. Be3 Bf5 16. Qc2 Bxd3 17. Qxd3 Rad8 18. Rad1 Rfe8 19. Rd2 Nc8 20. Rfd1 Qg4
21. Qc3 Nd6 22. Qa5 Rd7 23. Bf4 b6 24. Qa4 b5 25. Qa6 Rde7 26. f3 Re1+ 27. Rxe1
Rxe1+ 28. Kf2 Qe6 29. d5 Qe7 30. Qxc6 Ne8 31. d6 Qe6 32. Qd5 1-0

[Event "Benidorm 2003 - sub2300"]
[Site "Benidorm ESP"]
[Date "2003.11.21"]
[Round "1.52"]
[White "Carrasco Sagredo, Manuel"]
[Black "Cordon Gutierrez, Juan Pedro"]
[Result "0-1"]
[WhiteElo "2086"]
[BlackElo "2209"]
[PlyCount "58"]
[EventDate "2003.11.21"]
[EventType "swiss"]
[EventRounds "9"]
[EventCountry "ESP"]
[Source "lmi"]
[SourceDate "2003.11.21"]

1. e4 c6 2. d4 d5 3. e5 c5 4. Nf3 Nc6 5. c4 cxd4 6. Nxd4 e6 7. Nxc6 bxc6 8. Be2
Qc7 9. O-O Rb8 10. Nc3 Bd7 11. Bf3 Ne7 12. Re1 h6 13. Bf4 g5 14. Bg3 Bg7 15.
cxd5 cxd5 16. Nxd5 Nxd5 17. Bxd5 Rxb2 18. Bb3 Qa5 19. Qd6 Rd2 20. Qb8+ Ke7 21.
Qb7 Rd8 22. Rac1 Ke8 23. Rc7 Rc2 24. Rc1 Rxc7 25. Qxc7 Rc8 26. Qxc8+ Bxc8 27.
Rxc8+ Ke7 28. f3 Bxe5 29. Bf2 Bd4 0-1

[Event "Benidorm 2003 - sub2300"]
[Site "Benidorm ESP"]
[Date "2003.11.21"]
[Round "1.53"]
[White "Godlauskas, Kazys"]
[Black "Christensen, Esben"]
[Result "0-1"]
[WhiteElo "2209"]
[BlackElo "2083"]
[PlyCount "46"]
[EventDate "2003.11.21"]
[EventType "swiss"]
[EventRounds "9"]
[EventCountry "ESP"]
[Source "lmi"]
[SourceDate "2003.11.21"]

1. e4 c5 2. Nf3 e6 3. c3 Nf6 4. e5 Nd5 5. d4 cxd4 6. cxd4 b6 7. Nc3 Nxc3 8.
bxc3 Qc7 9. Bd2 Bb7 10. Bd3 d6 11. O-O Nd7 12. Re1 Rc8 13. Ng5 g6 14. Qg4 dxe5
15. Nxe6 fxe6 16. Qxe6+ Be7 17. Bg5 Qd6 18. Qh3 Bxg5 19. dxe5 Nxe5 20. Bb5+ Kf8
21. Rad1 Qc5 22. Qe6 Qxb5 23. Rxe5 Qc6 0-1

[Event "Benidorm 2003 - sub2300"]
[Site "Benidorm ESP"]
[Date "2003.11.21"]
[Round "1.54"]
[White "Perez Lopez, Jesus Maria"]
[Black "Vazquez Gonzalez, Jesus"]
[Result "1-0"]
[WhiteElo "2205"]
[BlackElo "2082"]
[PlyCount "81"]
[EventDate "2003.11.21"]
[EventType "swiss"]
[EventRounds "9"]
[EventCountry "ESP"]
[Source "lmi"]
[SourceDate "2003.11.21"]

1. d4 c5 2. d5 g6 3. e4 Bg7 4. Nf3 d6 5. c4 e5 6. Bd3 Ne7 7. Nc3 O-O 8. h4 Bg4
9. Qc2 Na6 10. a3 Qa5 11. Qb1 Bxf3 12. gxf3 f5 13. h5 f4 14. hxg6 hxg6 15. Bf1
Kf7 16. Bh3 Rh8 17. Bd2 Rh6 18. Be6+ Kf6 19. Rxh6 Bxh6 20. Nb5 Qd8 21. Ke2 Nc7
22. Nxc7 Qxc7 23. Qh1 Rh8 24. Qh4+ g5 25. Qg4 Kg7 26. Rg1 Ng6 27. Qh5 Qe7 28.
Bc3 Qf6 29. b4 Re8 30. Rh1 Rh8 31. bxc5 dxc5 32. Rb1 b6 33. a4 Qe7 34. Qh3 Rf8
35. Rh1 Rh8 36. Qg4 Qe8 37. Bd7 Qe7 38. a5 Rd8 39. Bf5 Rh8 40. Bxg6 Kxg6 41.
Qf5+ 1-0

[Event "Benidorm 2003 - sub2300"]
[Site "Benidorm ESP"]
[Date "2003.11.21"]
[Round "1.55"]
[White "De Juan Tobalina, Rafael"]
[Black "Ceballos Hornero, Daniel"]
[Result "0-1"]
[WhiteElo "2082"]
[BlackElo "2207"]
[PlyCount "148"]
[EventDate "2003.11.21"]
[EventType "swiss"]
[EventRounds "9"]
[EventCountry "ESP"]
[Source "lmi"]
[SourceDate "2003.11.21"]

1. e4 e5 2. Nf3 Nc6 3. Nc3 g6 4. Bc4 Bg7 5. d3 Nf6 6. Bg5 d6 7. h3 h6 8. Be3
O-O 9. Qd2 Kh7 10. g4 Nd7 11. O-O-O Nb6 12. Bb3 Be6 13. d4 Na5 14. dxe5 Nxb3+
15. cxb3 dxe5 16. Qe2 Qe7 17. g5 h5 18. Qb5 Bd7 19. Qc5 Qxc5 20. Bxc5 Rfd8 21.
Be7 Re8 22. Bc5 Rad8 23. Bxb6 axb6 24. Nd5 Be6 25. Nf6+ Bxf6 26. gxf6 Rxd1+ 27.
Kxd1 Kh6 28. Kc1 Bd7 29. h4 Re6 30. Rd1 Bc6 31. Ng5 Rxf6 32. f3 Kg7 33. Rd8 Rd6
34. Rc8 Rd7 35. a4 b5 36. a5 b4 37. Kc2 Bb5 38. Rb8 Bd3+ 39. Kc1 Ba6 40. Rc8
Re7 41. Kd2 Rd7+ 42. Ke1 Bd3 43. Rb8 c6 44. Kf2 Bc2 45. a6 bxa6 46. Rxb4 Bd3
47. Rb8 Bb5 48. Ke1 Kf6 49. Rf8 Rb7 50. Kd2 Rc7 51. b4 Rd7+ 52. Kc2 Kg7 53. Ra8
Re7 54. Rd8 f6 55. Nh3 Be2 56. Ng1 Bf1 57. Kc3 g5 58. Rd1 Bb5 59. Nh3 Be2 60.
Rg1 Bxf3 61. hxg5 Bxe4 62. gxf6+ Kxf6 63. Ra1 Bf5 64. Nf2 Re6 65. Rxa6 e4 66.
Ra1 h4 67. Re1 Kg5 68. Kd2 Kf4 69. Ke2 e3 70. Nh1 Bg4+ 71. Kf1 Re4 72. Rc1 Rxb4
73. Rxc6 Rxb2 74. Rf6+ Bf5 0-1

[Event "Benidorm 2003 - sub2300"]
[Site "Benidorm ESP"]
[Date "2003.11.21"]
[Round "1.56"]
[White "Vilarnovo Caamano, Jose"]
[Black "Nunez Garcia, Alberto"]
[Result "0-1"]
[WhiteElo "2081"]
[BlackElo "2205"]
[PlyCount "54"]
[EventDate "2003.11.21"]
[EventType "swiss"]
[EventRounds "9"]
[EventCountry "ESP"]
[Source "lmi"]
[SourceDate "2003.11.21"]

1. e4 c5 2. Nf3 Nc6 3. d4 cxd4 4. Nxd4 Nf6 5. Nc3 e5 6. Ndb5 d6 7. Bg5 a6 8.
Na3 b5 9. Bxf6 gxf6 10. Nd5 f5 11. c3 Bg7 12. Bd3 Be6 13. Qh5 f4 14. Nc2 O-O
15. g3 f5 16. Ncb4 Nxb4 17. Nxb4 a5 18. Nc6 Qc7 19. exf5 Bd5 20. Bxb5 Bxh1 21.
f3 e4 22. Qg5 Kh8 23. Ne7 Bxc3+ 24. bxc3 Qxc3+ 25. Kf2 Qxf3+ 26. Ke1 Qc3+ 27.
Kf2 Qd4+ 0-1

[Event "Benidorm 2003 - sub2300"]
[Site "Benidorm ESP"]
[Date "2003.11.21"]
[Round "1.57"]
[White "Castillo Gallego, Sergio"]
[Black "Huerga Leache, Mikel"]
[Result "1-0"]
[WhiteElo "2204"]
[BlackElo "2081"]
[PlyCount "66"]
[EventDate "2003.11.21"]
[EventType "swiss"]
[EventRounds "9"]
[EventCountry "ESP"]
[Source "lmi"]
[SourceDate "2003.11.21"]

1. e4 d5 2. exd5 Nf6 3. Bb5+ Bd7 4. Be2 Nxd5 5. d4 Bf5 6. Nf3 e6 7. a3 Be7 8.
c4 Nb6 9. Nc3 O-O 10. h3 Nc6 11. O-O Bf6 12. Be3 Bg6 13. b4 Qe7 14. Qb3 e5 15.
dxe5 Nxe5 16. Bc5 Nxf3+ 17. Bxf3 Qe5 18. Rac1 Bd3 19. Rfe1 Bxc4 20. Qb1 Qxe1+
21. Rxe1 Bxc3 22. Bxf8 Bxe1 23. Bc5 Re8 24. Be3 Bc3 25. Qc1 Na4 26. Bd1 Bb5 27.
Bxa4 Bxa4 28. Qxc3 c6 29. Bxa7 b5 30. Qxc6 Re1+ 31. Kh2 h6 32. Be3 f6 33. h4
Rd1 1-0

[Event "Benidorm 2003 - sub2300"]
[Site "Benidorm ESP"]
[Date "2003.11.21"]
[Round "1.58"]
[White "Ridameya Tatche, Jose"]
[Black "Agayev, Nidjat"]
[Result "0-1"]
[WhiteElo "2076"]
[BlackElo "2203"]
[PlyCount "64"]
[EventDate "2003.11.21"]
[EventType "swiss"]
[EventRounds "9"]
[EventCountry "ESP"]
[Source "lmi"]
[SourceDate "2003.11.21"]

1. e4 c5 2. Nf3 d6 3. d4 cxd4 4. Nxd4 Nf6 5. f3 Nc6 6. c4 Qb6 7. Nc2 g6 8. Nc3
Bg7 9. Rb1 Ng4 10. Qd2 Bh6 11. f4 O-O 12. Nd5 Qd8 13. h3 Nge5 14. Qf2 Nd7 15.
Be3 Bg7 16. Qd2 Nc5 17. Bxc5 dxc5 18. e5 Bf5 19. Rd1 e6 20. Nde3 Bxc2 21. Nxc2
Qb6 22. Qc3 f6 23. Be2 fxe5 24. Rd7 Rad8 25. Rxd8 Rxd8 26. O-O exf4 27. Qe1
Qxb2 28. Bd1 Qe5 29. Qf2 Nd4 30. Qh4 Rf8 31. Ne1 Qe3+ 32. Kh1 Nf5 0-1

[Event "Benidorm 2003 - sub2300"]
[Site "Benidorm ESP"]
[Date "2003.11.21"]
[Round "1.59"]
[White "Buxade Roca, Guillermo"]
[Black "Ercan, Mehmet Fahri"]
[Result "1-0"]
[WhiteElo "2202"]
[BlackElo "2075"]
[PlyCount "77"]
[EventDate "2003.11.21"]
[EventType "swiss"]
[EventRounds "9"]
[EventCountry "ESP"]
[Source "lmi"]
[SourceDate "2003.11.21"]

1. e4 c5 2. Nc3 Nc6 3. g3 g6 4. Bg2 Bg7 5. Nge2 d6 6. O-O Nf6 7. d3 O-O 8. h3
Bd7 9. Be3 a6 10. Qd2 Re8 11. Rae1 b5 12. f4 b4 13. Nd1 Rc8 14. f5 Ne5 15. g4
Bc6 16. Ng3 a5 17. g5 Nfd7 18. c3 Bb7 19. Nf2 Ba6 20. h4 Rb8 21. h5 a4 22. c4
Qc7 23. Qe2 b3 24. a3 Rbd8 25. Nh3 Nc6 26. Nf4 Nd4 27. Bxd4 Bxd4+ 28. Kh1 Ne5
29. Nd5 Qa7 30. hxg6 hxg6 31. f6 Kh7 32. Bf3 Nxf3 33. Qxf3 exf6 34. gxf6 Bc8
35. Nf5 Bxf5 36. exf5 Rh8 37. Kg2 Qb7 38. Rh1+ Kg8 39. Ne7+ 1-0

[Event "Benidorm 2003 - sub2300"]
[Site "Benidorm ESP"]
[Date "2003.11.21"]
[Round "1.60"]
[White "Vea, Odin Blikra"]
[Black "Ortells Perez, Victor"]
[Result "0-1"]
[WhiteElo "2075"]
[BlackElo "2201"]
[PlyCount "108"]
[EventDate "2003.11.21"]
[EventType "swiss"]
[EventRounds "9"]
[EventCountry "ESP"]
[Source "lmi"]
[SourceDate "2003.11.21"]

1. e4 c5 2. Nc3 e6 3. Nf3 Nc6 4. Bb5 Nge7 5. d4 cxd4 6. Nxd4 Qc7 7. Be3 a6 8.
Bxc6 Nxc6 9. O-O Be7 10. f4 h5 11. Nxc6 Qxc6 12. Bd4 b5 13. a3 Rh7 14. f5 Bb7
15. b4 Rc8 16. Qd3 Qc4 17. Rad1 f6 18. Qg3 Kf8 19. fxe6 dxe6 20. Be5 Kf7 21.
Rd7 Bxe4 22. Rf4 Qc6 23. Rxe7+ Kxe7 24. Nxe4 Qb6+ 25. Kh1 Rxc2 26. h4 Rc1+ 27.
Kh2 Qg1+ 28. Kh3 Qh1+ 29. Qh2 Qxh2+ 30. Kxh2 fxe5 31. Rf3 Rc4 32. Ng5 Rxh4+ 33.
Kg1 Rh6 34. Rf7+ Kd6 35. Ra7 Rg6 36. Nf7+ Kd5 37. Rxa6 Rf4 38. Rd6+ Ke4 39. Rd7
Rfg4 40. Rd2 h4 41. Re2+ Kd3 42. Rf2 Kd4 43. Rd2+ Ke3 44. Rc2 h3 45. Rc3+ Ke2
46. Nxe5 Rxg2+ 47. Kh1 R6g3 48. Rc2+ Ke3 49. Rc5 Ke4 50. Nf7 g5 51. Nd6+ Kf4
52. Rc1 Rxa3 53. Nxb5 Raa2 54. Rc4+ Ke5 0-1

[Event "Benidorm 2003 - sub2300"]
[Site "Benidorm ESP"]
[Date "2003.11.21"]
[Round "1.61"]
[White "Serra Olives, Tomas"]
[Black "Beitia Amador, Ernest"]
[Result "1-0"]
[WhiteElo "2200"]
[BlackElo "2073"]
[PlyCount "143"]
[EventDate "2003.11.21"]
[EventType "swiss"]
[EventRounds "9"]
[EventCountry "ESP"]
[Source "lmi"]
[SourceDate "2003.11.21"]

1. e4 c6 2. d4 d5 3. exd5 cxd5 4. c4 Nf6 5. Nc3 Nc6 6. Nf3 Bg4 7. cxd5 Nxd5 8.
Qb3 Bxf3 9. gxf3 Nb6 10. d5 Nd4 11. Qd1 e5 12. dxe6 Bc5 13. Be3 O-O 14. b4 Qf6
15. bxc5 Nxf3+ 16. Ke2 fxe6 17. cxb6 Qxc3 18. Rc1 Qb2+ 19. Rc2 Qb5+ 20. Qd3
Qxd3+ 21. Kxd3 Ne1+ 22. Kd2 Nxc2 23. Kxc2 axb6 24. Bc4 Rac8 25. Kb3 Kf7 26.
Bxb6 Rc6 27. Bd4 Rd8 28. Be3 Rdc8 29. Bb5 Rd6 30. a4 h6 31. Kb4 b6 32. Rb1 Kf6
33. Ba6 Rc2 34. Kb5 Rcc6 35. Bb7 Rc7 36. Bf3 Ra7 37. Bxb6 Rxb6+ 38. Kxb6 Rxa4
39. Kc5 Rh4 40. Rf1 Rxh2 41. Kd4 Rh4+ 42. Ke3 Rb4 43. Be4 h5 44. Ra1 Rb3+ 45.
Bd3 Rb6 46. Ra8 Rb7 47. Rg8 Re7 48. Be4 e5 49. Bd5 Kf5 50. Rf8+ Kg4 51. Bf3+
Kh4 52. Rh8 g6 53. Be4 Kg5 54. Rf8 Re6 55. f3 Rd6 56. Bd3 h4 57. Re8 Kf6 58.
Rh8 g5 59. Rh6+ Ke7 60. Rxd6 Kxd6 61. Bf5 Kd5 62. Kd3 e4+ 63. fxe4+ Ke5 64. Ke3
Kf6 65. Kd4 g4 66. Bxg4 Kg5 67. Bh3 Kf4 68. e5 Kg3 69. Bc8 Kf4 70. e6 h3 71. e7
h2 72. Bb7 1-0

[Event "Benidorm 2003 - sub2300"]
[Site "Benidorm ESP"]
[Date "2003.11.21"]
[Round "1.64"]
[White "Sarto Ramos, Angel"]
[Black "Sanchez Romero, Miguel A"]
[Result "1-0"]
[WhiteElo "2067"]
[BlackElo "2199"]
[PlyCount "93"]
[EventDate "2003.11.21"]
[EventType "swiss"]
[EventRounds "9"]
[EventCountry "ESP"]
[Source "lmi"]
[SourceDate "2003.11.21"]

1. c4 Nf6 2. g3 g6 3. Bg2 Bg7 4. Nc3 O-O 5. d3 d6 6. Bg5 h6 7. Bd2 Nc6 8. e3 e5
9. Nge2 Bf5 10. e4 Bg4 11. f3 Be6 12. O-O Nd7 13. Nd5 a5 14. Bc3 f5 15. f4 Nd4
16. Ne3 c6 17. Nc2 Nxc2 18. Qxc2 Nc5 19. b3 Qb6 20. Kh1 Rf7 21. Rad1 Qc7 22. a3
fxe4 23. dxe4 a4 24. b4 Nb3 25. Bb2 Raf8 26. h3 h5 27. Rd3 h4 28. gxh4 exf4 29.
Bxg7 Kxg7 30. Qc3+ Kg8 31. Rdf3 d5 32. exd5 cxd5 33. c5 Bd7 34. Nd4 Nxd4 35.
Qxd4 Bb5 36. Re1 Qd7 37. Re5 Bc4 38. Rg5 Qe6 39. h5 Rg7 40. Rxg6 Rxg6 41. hxg6
Qe4 42. Qf2 Kg7 43. Qh4 Qxg6 44. Rxf4 Rxf4 45. Qxf4 Qc2 46. Kh2 Qe2 47. Qg4+
1-0

[Event "Benidorm 2003 - sub2300"]
[Site "Benidorm ESP"]
[Date "2003.11.21"]
[Round "1.65"]
[White "Burriel Rosello, Carlos"]
[Black "Machin Arbelo, Pedro Alexis"]
[Result "1-0"]
[WhiteElo "2197"]
[BlackElo "2064"]
[PlyCount "27"]
[EventDate "2003.11.21"]
[EventType "swiss"]
[EventRounds "9"]
[EventCountry "ESP"]
[Source "lmi"]
[SourceDate "2003.11.21"]

1. e4 e6 2. d4 c5 3. Nf3 Qb6 4. d5 Nf6 5. Nc3 Qb4 6. a3 Qa5 7. Nd2 exd5 8. e5
d4 9. Nc4 Qd8 10. exf6 Qxf6 11. Qe2+ Kd8 12. h4 Qa6 13. Nd5 Bd6 14. Bf4 1-0

[Event "Benidorm 2003 - sub2300"]
[Site "Benidorm ESP"]
[Date "2003.11.21"]
[Round "1.66"]
[White "Carlan, Ionut"]
[Black "Serrano Marhuenda, Salvador"]
[Result "0-1"]
[WhiteElo "2061"]
[BlackElo "2197"]
[PlyCount "70"]
[EventDate "2003.11.21"]
[EventType "swiss"]
[EventRounds "9"]
[EventCountry "ESP"]
[Source "lmi"]
[SourceDate "2003.11.21"]

1. e4 c5 2. Nf3 e6 3. c3 Nc6 4. d4 cxd4 5. cxd4 d5 6. e5 Nh6 7. Bd3 Bd7 8. O-O
Qb6 9. Bc2 Rc8 10. Nc3 Be7 11. h3 Nb4 12. Bb3 Nf5 13. a3 Qa5 14. Be3 Nxe3 15.
fxe3 Nc6 16. e4 dxe4 17. Nxe4 O-O 18. Bc2 Qb6 19. Qd3 g6 20. Nf6+ Bxf6 21. exf6
e5 22. Kh1 Nxd4 23. Nxd4 Qxd4 24. Qe2 Qh4 25. Be4 Rc7 26. Rad1 Be6 27. Qf3 h6
28. Bxb7 Rb8 29. Be4 Rc4 30. Rfe1 Rxb2 31. Rd8+ Kh7 32. Rdd1 Rf2 33. Qe3 Rxe4
34. Qxe4 Rf1+ 35. Kh2 Qxe4 0-1